000 00598 am a22001934a 4500
008 131030t2011 ii gr 000 f eng d
020 _a9789380848143
082 0 4 _a823
_2 21
_b WEB
100 1 _aWebster, Jean,
_934551
_d1876-1916
245 1 0 _aDaddy long legs /
_cJean Webster.
260 _aNew Delhi :
_bBlueberry Book,
_cc.2011
300 _a153 p. ;
_c20 cm.
500 _aComplete and Unabridged-Cover.
590 _aBook for the road program.
650 0 _aEnglish fiction
_99886
_y20th century
653 _bENG
_cDecember2013
655 _vreading book
_934232
942 _2ddc
_cBB
_k823 WEB
999 _c17791
_d17763